Racing Tracks/Circuits by Onboard #1 (SVG) - Statistics

General Stats
  • This quiz has been taken 475 times
  • The average score is 7 of 10
Answers on the Map
Answers color-coded by a green-red scale on the quiz's map according to % correct below.
 
Answer Stats
Answer % Correct
Autodromo Nazionale Monza
94%
Circuit de Spa-Francorchamps
87%
Bahrain International Circuit
76%
Imola Circuit
66%
Shanghai International Circuit
62%
Autódromo de Interlagos
61%
Daytona International Speedway
60%
Nürburgring
60%
Circuit de la Sarthe
59%
Circuit Zandvoort
48%
No matching quizzes found
Score Distribution
Percent of People with Each Score
Percentile by Number Answered
Your Score History
You have not taken this quiz